000 00699nam a2200217Ia 4500
001 11501
003 GE_BSU
008 181216s||||||||xx |||||||||||||| ||und||
040 _cGE_BSU
080 _a581.1
100 _aტიმირიაზევი,კ.ა.
245 _aმცენარის სიცოცხლე.
245 _cრედ:ს.საყვარელიძე.
260 _aთბილისი.
260 _bსახელგამი.
260 _c1956.
300 _a273გვ;28სმ.
300 _e1ფ.პორტრ;ილ;დამატება გვ:184–223.
653 _aმცენარეთა სიცოცხლე.
942 _cBK
999 _c44697
_d44697